[Event "Asturias-chT Preferente 0001"]
[Site "Asturias"]
[Date "2000.11.25"]
[Round "5"]
[White "Rodriguez Uria, Julio Antonio"]
[Black "Quidiello Prado, Manuel Rogelio"]
[Result "1-0"]
[WhiteElo "2230"]
[BlackElo "2219"]
[PlyCount "45"]
[EventDate "2000.10.28"]
[EventType "team"]
[EventRounds "11"]
[EventCountry "ESP"]
[SourceTitle "EXT 2002"]
[Source "ChessBase"]
[SourceDate "2001.11.25"]
[SourceVersion "1"]
[SourceVersionDate "2001.11.25"]
[SourceQuality "1"]

1. d4 f5 2. e4 fxe4 3. Nc3 Nf6 4. Bg5 Nc6 5. d5 Ne5 6. Qd4 Nf7 7. Bxf6 exf6 8. Nxe4 f5 9. Ng3 g6 10. Be2 Qe7 11. 0-0-0 Bh6+ 12. Kb1 0-0 13. Nf3 Bg7 14. Qc4 b5 15. Qxc7 Nd6 16. Rhe1 Qf6 17. Nd4 Bb7 18. Qxd7 Bxd5 19. Bf3 Bxf3 20. gxf3 Rfe8 21. c3 a6 22. Rxe8+ Nxe8 23. Qd5+ 1-0

[Event "Asturias-chT Preferente 0001"]
[Site "Asturias"]
[Date "2000.11.11"]
[Round "3"]
[White "Rodriguez Uria, Julio Antonio"]
[Black "Llaneza Vega, Patricia"]
[Result "1-0"]
[WhiteElo "2230"]
[BlackElo "2168"]
[PlyCount "75"]
[EventDate "2000.10.28"]
[EventType "team"]
[EventRounds "11"]
[EventCountry "ESP"]
[SourceTitle "EXT 2002"]
[Source "ChessBase"]
[SourceDate "2001.11.25"]
[SourceVersion "1"]
[SourceVersionDate "2001.11.25"]
[SourceQuality "1"]

1. d4 Nf6 2. Nf3 g6 3. g3 Bg7 4. Bg2 0-0 5. c4 d6 6. 0-0 c6 7. Nc3 Qa5 8. h3 Qa6 9. b3 b5 10. cxb5 cxb5 11. a4 b4 12. Na2 Nc6 13. Bd2 Rb8 14. Rc1 Be6 15. Bg5 Na5 16. Nd2 Rfc8 17. e4 h6 18. Be3 Rxc1 19. Nxc1 Qc8 20. Kh2 d5 21. e5 Nd7 22. Ne2 Nb6 23. Nf4 Bf5 24. Nxd5 Nxd5 25. Bxd5 Bxh3 26. Qf3 Be6 27. Bxe6 Qxe6 28. d5 Qa6 29. Bd4 Rc8 30. Rd1 Rc2 31. Qe4 Rxd2 32. Rxd2 Nxb3 33. Rc2 Nxd4 34. Qxd4 Qxa4 35. Rc8+ Kh7 36. Rc7 Qa3 37. Rxe7 Qf3 38. d6 1-0

[Event "Asturias-chT Preferente 0001"]
[Site "Asturias"]
[Date "2000.10.28"]
[Round "1"]
[White "Rodriguez Uria, Julio Antonio"]
[Black "Fernandez Torre, Ivan"]
[Result "1/2-1/2"]
[WhiteElo "2230"]
[BlackElo "2051"]
[PlyCount "82"]
[EventDate "2000.10.28"]
[EventType "team"]
[EventRounds "11"]
[EventCountry "ESP"]
[SourceTitle "EXT 2002"]
[Source "ChessBase"]
[SourceDate "2001.11.25"]
[SourceVersion "1"]
[SourceVersionDate "2001.11.25"]
[SourceQuality "1"]

1. d4 Nf6 2. c4 c5 3. d5 b5 4. Qc2 g6 5. e4 d6 6. cxb5 Bg7 7. Nf3 0-0 8. Be2 a6 9. Na3 axb5 10. Nxb5 Na6 11. 0-0 Nb4 12. Qb1 Qb6 13. Bd2 Ba6 14. a4 Bxb5 15. Bxb5 Na6 16. Bc3 Nc7 17. Bc4 Nd7 18. Qd3 Bxc3 19. bxc3 Ra5 20. Rab1 Qa7 21. Bb5 Nb6 22. Bc6 Rb8 23. e5 Nxa4 24. exd6 exd6 25. Ng5 h6 26. Ne4 Rxb1 27. Qxb1 Nb6 28. c4 Nxc4 29. Qc1 Ne5 30. Qxh6 f5 31. Ng5 Nb5 32. f4 c4+ 33. Kh1 Ra1 34. Qh7+ Qxh7 35. Rxa1 Qh4 36. Bxb5 Ng4 37. h3 Nf2+ 38. Kg1 Ne4 39. Ra8+ Kg7 40. Ra7+ Kg8 41. Ra8+ Kg7 1/2-1/2

[Event "Santa Olaya op"]
[Site "Gijon"]
[Date "2000.10.01"]
[Round "8"]
[White "Gonzalez Fuente, Carlos"]
[Black "Rodriguez Uria, Julio Antonio"]
[Result "1/2-1/2"]
[WhiteElo "2244"]
[BlackElo "2230"]
[PlyCount "106"]
[EventDate "2000.09.24"]
[EventType "swiss"]
[EventRounds "8"]
[EventCountry "ESP"]
[SourceTitle "EXT 2001"]
[Source "ChessBase"]
[SourceDate "2000.11.22"]
[SourceVersion "1"]
[SourceVersionDate "2000.11.22"]
[SourceQuality "1"]

1. e4 c5 2. Nf3 e6 3. d4 cxd4 4. Nxd4 a6 5. Nc3 Qc7 6. Be2 Nc6 7. Be3 Nf6 8. 0-0 b5 9. a3 Bb7 10. f4 d6 11. Nb3 Be7 12. Bf3 0-0 13. Kh1 b4 14. axb4 Nxb4 15. Na5 d5 16. Nxb7 Qxb7 17. exd5 Nbxd5 18. Nxd5 Nxd5 19. c4 Nxe3 20. Bxb7 Nxd1 21. Bxa8 Nxb2 22. Rxa6 Nxc4 23. Bc6 h5 24. Ra8 Rxa8 25. Bxa8 Nd6 26. Rc1 h4 27. Kg1 g6 28. Kf2 Kg7 29. Kf3 Bf6 30. Be4 Be7 31. Bd3 Bf6 32. Rc6 Be7 33. Rc7 Bf6 34. Rd7 Nc8 35. Be4 Ne7 36. Ke3 Ng8 37. Kd3 Be7 38. Rb7 Bd6 39. g3 Nh6 40. Kc4 Kf6 41. Kb5 hxg3 42. hxg3 g5 43. Kc6 Ba3 44. Rb3 Bc1 45. Rb1 Be3 46. Rh1 Kg7 47. fxg5 Bxg5 48. Kd7 Kf6 49. Rf1+ Ke5 50. Bc2 Kd4 51. Bb3 Ke3 52. Bxe6 fxe6 53. Kxe6 Ke4 1/2-1/2